<?xml version="1.0" encoding="UTF-8"?>
<record
    xmlns:xsi="http://www.w3.org/2001/XMLSchema-instance"
    xsi:schemaLocation="http://www.loc.gov/MARC21/slim http://www.loc.gov/standards/marcxml/schema/MARC21slim.xsd"
    xmlns="http://www.loc.gov/MARC21/slim">

  <leader>00699nam a22002177a 4500</leader>
  <controlfield tag="005">20170124105910.0</controlfield>
  <datafield tag="010" ind1=" " ind2=" ">
    <subfield code="a">A-463751</subfield>
  </datafield>
  <datafield tag="035" ind1=" " ind2=" ">
    <subfield code="a">A-463751</subfield>
  </datafield>
  <datafield tag="037" ind1=" " ind2=" ">
    <subfield code="b">Cen Lib/Ret</subfield>
  </datafield>
  <datafield tag="040" ind1=" " ind2=" ">
    <subfield code="a">DPL</subfield>
    <subfield code="b">EN</subfield>
  </datafield>
  <datafield tag="082" ind1=" " ind2=" ">
    <subfield code="a">709.0347</subfield>
    <subfield code="b">SRI</subfield>
  </datafield>
  <datafield tag="100" ind1=" " ind2=" ">
    <subfield code="a">Srivastava, A. L.</subfield>
    <subfield code="9">117453</subfield>
  </datafield>
  <datafield tag="245" ind1=" " ind2=" ">
    <subfield code="a">Nandyavatra :</subfield>
    <subfield code="c">by A.L. Srivastava</subfield>
    <subfield code="b">An Auspicious symbol in Indian art /</subfield>
  </datafield>
  <datafield tag="260" ind1=" " ind2=" ">
    <subfield code="a"> Uttar Pradesh</subfield>
    <subfield code="b">Kitab Mahal </subfield>
    <subfield code="c">1991</subfield>
  </datafield>
  <datafield tag="270" ind1=" " ind2=" ">
    <subfield code="a">84,K.P. Kakkar Road, </subfield>
    <subfield code="b"> Allahabad</subfield>
  </datafield>
  <datafield tag="300" ind1=" " ind2=" ">
    <subfield code="a">xiii,138p. :</subfield>
    <subfield code="c">24cm (Hb)</subfield>
    <subfield code="b">ill.</subfield>
  </datafield>
  <datafield tag="500" ind1=" " ind2=" ">
    <subfield code="a">Includes Bibliography reference and index</subfield>
  </datafield>
  <datafield tag="650" ind1=" " ind2=" ">
    <subfield code="a">Indian art-symbols</subfield>
    <subfield code="9">117454</subfield>
  </datafield>
  <datafield tag="650" ind1=" " ind2=" ">
    <subfield code="a">Symbols-Auspicious</subfield>
    <subfield code="9">117455</subfield>
  </datafield>
  <datafield tag="942" ind1=" " ind2=" ">
    <subfield code="2">ddc</subfield>
    <subfield code="c">EN</subfield>
    <subfield code="h">709.0347</subfield>
    <subfield code="m">SRI</subfield>
  </datafield>
  <datafield tag="999" ind1=" " ind2=" ">
    <subfield code="c">122458</subfield>
    <subfield code="d">122458</subfield>
  </datafield>
  <datafield tag="952" ind1=" " ind2=" ">
    <subfield code="0">0</subfield>
    <subfield code="1">0</subfield>
    <subfield code="4">0</subfield>
    <subfield code="7">1</subfield>
    <subfield code="8">REF</subfield>
    <subfield code="a">L</subfield>
    <subfield code="b">L</subfield>
    <subfield code="d">2015-05-22</subfield>
    <subfield code="e">Cen Lib/Ret</subfield>
    <subfield code="l">0</subfield>
    <subfield code="o">709.0347 SRI</subfield>
    <subfield code="p">A-463751</subfield>
    <subfield code="r">2015-05-22 00:00:00</subfield>
    <subfield code="t">1</subfield>
    <subfield code="w">2016-09-15</subfield>
    <subfield code="y">EN</subfield>
  </datafield>
</record>
